Objets ayant pour nom un animal - Statistiques

Statistiques générales
  • Ce quiz a été pris 1 303 fois
  • Le résultat moyen est 5 sur 12
Statistiques - réponses
Par images Réponse % Correct
SOURIS
99%
EPONGE
83%
BELIER
71%
BLAIREAU
53%
CHAT
46%
HERISSON
40%
LOUP
37%
CHIEN
35%
KANGOUROU
33%
FURET
25%
BOURDON
13%
CRAPAUD
12%
Aucun quiz correspondant
Distribution des résultats
% des personnes avec chaque résultat
Percentile par nombre de réponses
Votre historique - résultats
Vous n’avez pas pris ce quiz